• 首页
  • 本馆介绍
  • 公告通知
  • 最新文献
  • 馆藏检索
  • 电子资源
  • 读者导购
  • 参考咨询
  • 我的图书馆
  • 登录
  • 详细信息显示
  • 放入我的书架
  • 预约/预借图书
  • 作者相关作品
  • 分类相关作品
  • 丛书相关作品
  • 出版社相关作品

书目信息

  • 表格格式
  • 工作单格式
  • 卡片格式
书名: THE PROBLEM OF EVIL
作者: by Michael L.Peterson.
分册号:
分册名:
出版地: NOTRE DAME :
 
出版社: University of Notr Dame Press
出版时间: 1992.
页数: 391 p. ;
开本: 20cm.
丛书名:
中图分类号:
科图分类号:
其他分类号: B91
主题词:
电子资源:
000 00457nam 2200157 a 4500
001 E0753182636
005 20070709144822.37
008 070709s1992 00010 eng
020    @a0-268-01515-5.
040    @aPFT@beng
090    @aB91
099    @dB91@ex41
245    @aTHE PROBLEM OF EVIL :@bselected readings / @cby Michael L.Peterson.
260    @aNOTRE DAME :@bUniversity of Notr Dame Press,@c1992.
300    @a391 p. ;@c20cm.
700    @aby Peterson,Michael L.
    
    THE PROBLEM OF EVIL : : selected readings / / by Michael L.Peterson.-NOTRE DAME : : University of Notr Dame Press, , 1992.
    391 p. ; ; 20cm.
    
    
    ISBN 0-268-01515-5.
    
●
相关链接 在E读中查询图书 在五车中查询图书 在当当中查询图书 在豆瓣中查询图书


正题名:THE PROBLEM OF EVIL     索取号:B91/x41         预约/预借

序号 登录号 条形码 馆藏地/架位号 状态 备注
1 11454   300114542   第二样本阅览室/ [索取号:B91/x41] 在馆    
唐山师范学院图书馆 欢迎您!
大连网信软件有限公司© 版权所有